Paroles - Jubilez, criez de joie ! - Statistiques

Statistiques générales
  • Ce quiz a été pris 50 fois
  • Le résultat moyen est 192 sur 258
Statistiques - réponses
Paroles % Correct
criez
100%
de
100%
joie !
100%
joie
100%
Jubilez,
100%
Dieu
98%
Dieu,
98%
A
96%
à
96%
l’
96%
le
96%
sa
92%
Saint
88%
Acclamez
85%
fois
85%
trois
85%
notre
83%
Notre
83%
amour
81%
Amour,
81%
Amour
81%
la
79%
son
79%
dans
75%
pour
73%
paix,
69%
prier
67%
Il
65%
Venez
63%
est
58%
témoigner
58%
Des
48%
lumière.
48%
lumière
48%
miséricorde
48%
en
46%
nous
46%
vous,
46%
vous
46%
et
44%
Au
42%
au
42%
tout
35%
vie
33%
enfants
31%
Louez
31%
aux
29%
coeurs
29%
Laissez-
29%
ténèbres
29%
Lui
27%
Lui,
27%
arrache
25%
Devenez
25%
Ouvrez-
25%
ouvrez
25%
réconcilier,
25%
Toute
25%
toute
25%
transfigurer
25%
vos
25%
clarté
23%
comblera
23%
gloire
23%
Demeurez
21%
Esprit
21%
Père
21%
qui
21%
tendresse
21%
votre
21%
Fils,
19%
grâce,
15%
Louange
13%
Trinité,
13%
Bienheureuse
8%
Offrez
6%
ouvrage
6%
sanctifie
6%
transformer,
6%
pourra
4%
Aucun quiz correspondant
Distribution des résultats
% des personnes avec chaque résultat
Percentile par nombre de réponses
Votre historique - résultats
Vous n’avez pas pris ce quiz